Statistical signal processing (Record no. 6221)

000 -LEADER
fixed length control field 00593nam a2200217 a 4500
001 - CONTROL NUMBER
control field 6221
003 - CONTROL NUMBER IDENTIFIER
control field BD-DhUET
008 - FIXED-LENGTH DATA ELEMENTS--GENERAL INFORMATION
fixed length control field 831212s1984 nyua b 001 0 eng
020 ## - INTERNATIONAL STANDARD BOOK NUMBER
International Standard Book Number 0824771591
040 ## - CATALOGING SOURCE
Original cataloging agency DLC
Transcribing agency DLC
Modifying agency BD-DhUET
082 00 - DEWEY DECIMAL CLASSIFICATION NUMBER
Classification number 623.8043
Item number WEG/1985
245 00 - TITLE STATEMENT
Title Statistical signal processing
Statement of responsibility, etc. edited by Edward J. Wegman and James G. Smith
250 ## - EDITION STATEMENT
Edition statement 1st ed.
260 ## - PUBLICATION, DISTRIBUTION, ETC. (IMPRINT)
Place of publication, distribution, etc. New York
Name of publisher, distributor, etc. Marcel Dekker
Date of publication, distribution, etc. 1984
300 ## - PHYSICAL DESCRIPTION
Extent xv, 545 p.
Other physical details ill.
Dimensions 24 cm.
500 ## - GENERAL NOTE
General note Volume53
650 #0 - SUBJECT ADDED ENTRY--TOPICAL TERM
Topical term or geographic name as entry element Signal processing
700 ## - ADDED ENTRY--PERSONAL NAME
Personal name Wegman, Edward J.
700 ## - ADDED ENTRY--PERSONAL NAME
Personal name Smith, James G.
942 ## - ADDED ENTRY ELEMENTS (KOHA)
Koha item type Edited Book
Holdings
Koha normalized classification for sorting Date acquired Source of classification or shelving scheme Damaged status Price effective from Koha item type Piece designation (barcode) Koha full call number Shelving location Sublocation or collection (holding branch) Location (home branch) Copy number Withdrawn status Koha date last seen Lost status Not for loan
623_000000000000000_8043WEG1982014-12-01  2014-12-01Edited Book68140623.8043/WEG/1985Circulation sectionCentral Library, BUETCentral Library, BUET1 2014-12-01